|
|
|
|
| LEADER |
00000cam a2200000 a 4500 |
| 001 |
vtls008225267 |
| 003 |
SK-MaSNL |
| 005 |
20260302003426.0 |
| 008 |
251007s1988 xr hab grbn 001 0 ger |
| 040 |
|
|
|a SNK
|b slo
|c SNK
|e AACR2
|
| 041 |
0 |
|
|a ger
|b rus
|
| 043 |
|
|
|a e-xr---
|
| 044 |
|
|
|a xr
|c CZ
|
| 072 |
|
7 |
|a 165
|x Teória poznania. Epistemológia
|2 konspekt
|
| 072 |
|
7 |
|a 01
|x Bibliografia. Katalógy
|2 konspekt
|
| 080 |
|
|
|a 165.742
|2 2011
|
| 080 |
|
|
|a (437.32)
|2 2011
|
| 080 |
|
|
|a (01)
|2 2011
|
| 100 |
1 |
|
|a Hejnic, Josef,
|d 1924-2019
|4 aut
|9 290010
|
| 245 |
1 |
0 |
|a Gesners europäische Bibliographie und ihre Beziehung zum Späthumanismus in Böhmen und Mähren
|c Josef Hejnic ; im Zusammenarbeit mit Václav Bok
|
| 260 |
|
|
|a Praha
|b Academia
|c 1988
|
| 300 |
|
|
|a 130 s., 12 nečíslovaných strán obrazových príloh
|b faksim., ilustr., mapy
|c 25 cm
|
| 366 |
|
|
|e 700 kusov
|
| 490 |
1 |
|
|a Rozpravy ČSAV. Řada společenských věd
|v roč. 98, seš. 3
|
| 500 |
|
|
|a Poznámky
|
| 504 |
|
|
|a Bibliografia na strane 101-116. Register na strane 122-130
|
| 546 |
|
|
|a Ruské resumé
|
| 600 |
1 |
7 |
|a Gesner, Konrad,
|d 1516-1565
|2 SNKMA
|9 57432
|
| 648 |
|
7 |
|a 1545
|2 SNKPH
|9 642102
|
| 650 |
0 |
7 |
|a humanizmus
|2 SNKPH
|9 20277
|
| 651 |
|
7 |
|a Morava (Česko)
|2 SNKPHgeo
|9 213805
|
| 655 |
|
7 |
|a bibliografie
|2 SNKPH
|9 28668
|
| 700 |
1 |
|
|a Bok, Václav,
|d 1939-
|4 clb
|9 198183
|
| 830 |
|
0 |
|a Rozpravy ČSAV
|p Řada společenských věd
|9 642103
|
| 852 |
|
|
|a Slovenská národná knižnica
|
| 954 |
|
|
|a odborná, vedecká literatúra cudzojazyčná (svetová)
|2 lita
|
| 958 |
|
|
|a RK
|
| 958 |
|
|
|a TL
|
| 958 |
|
|
|a OND
|
| 958 |
|
|
|a NB
|
| 958 |
|
|
|a SF
|
| 999 |
|
|
|c 992000
|d 993930
|
| 952 |
|
|
|a SNK
|b SNK
|y VYP
|7 0
|p 17A0540242
|o snkIC 110863 D1
|i snkKIP 1278/89
|3 rekatalogizácia
|0 0
|1 1
|4 0
|d 2007-02-17
|l 0
|r 2026-02-24 11:52:42
|w 2026-02-24
|